00000000nam 2200000zi 4500
0019.867806
003CaOODSP
00520221107162418
006m     o  d f      
007cr |||||||||||
008190130s1959    onc     ot   f|0| 0 eng d
040 |aCaOODSP|beng|erda|cCaOODSP
041 |aeng|bfre
043 |an-cn---
0861 |aM38-1/54-1959E-PDF
1001 |aMeier, J. W., |eauthor.
24510|aEffect of casting temperature on aluminum alloy test bar properties / |cby J. W. Meier and A. Couture.
264 1|aOttawa, Ontario : |bDepartment of Mines and Technical Surveys, |c1959.
300 |a1 online resource (v, 44 pages)
336 |atext|btxt|2rdacontent
337 |acomputer|bc|2rdamedia
338 |aonline resource|bcr|2rdacarrier
4901 |aMines Branch Research Report ; |vR 54
500 |a"February 1959."
504 |aIncludes bibliographic references.
520 |a"After a recapitulation of the role of separately-cast test bars in checking the melt quality and the response to heat treatment, a general review is presented of the effects of pouring temperature, maximum melt temperature and prolonged holding time on the properties of aluminium sand casting alloys"--Abstract, p. i.
546 |aIncludes abstract in French.
69207|2gccst|aMetals
7001 |aCouture, A., |eauthor.
7101 |aCanada. |bDepartment of Mines and Technical Surveys.
7101 |aCanada. |bMines Branch.
830#0|aResearch report (Canada. Mines Branch)|vR 54.|w(CaOODSP)9.855660
85640|qPDF|s1.74 MB|uhttps://publications.gc.ca/collections/collection_2019/rncan-nrcan/m38-1/M38-1-54-1959-eng.pdf